000
00296nam a2200109Ia 4500
008
171211s9999 xx 000 0 und d
245
_a
Säure-Basen-Einkaufsführer
245
_c
Michael Worlitschek
260
_c
2009
650
_x
FITNESS
856
_u
http://down.ebook777.com/063/383042275X.pdf
999
_c
349041
_d
349041